000 01146naa a22003017a 4500
001 BR7000690
003 BR-BrBNA
005 20240918173413.0
007 ta
008 230509b bl.||||| |||| 00| 0 por d
040 _aBR-BrBNA
_bpor
_cBiblioteca Nacional de Agricultura
041 _a(Pt)
072 _aL10
_b5212
_bG514
090 _aL10 BR7000690
100 1 _aGiudice, J.C.
111 1 _a12. Congresso Brasileiro de Medicina Veterinaria
_cPorto Alegre, RS (Brazil)
_d23 Aug 1970
245 1 _aParicoes primavera/outono relacionadas com a eficiencia reprodutiva de femeas bovinas [Bos taurus; Vaca; Parto; Brasil]
260 3 _aPorto Alegre, RS (Brasil):
_c1970.
500 _aAnais do 12. Congresso Brasileiro de Medicina Veterinaria Porto Alegre, RS (Brasil): 1970. p. 365-368 (BR7000690-AM)L10
650 _aBOVINO
650 _aVACA
650 _aEFICIENCIA REPRODUTIVA
650 _aPARTO
650 _aREPRODUCAO ANIMAL
773 0 _tAnais do 12. Congresso Brasileiro de Medicina Veterinaria
_wL10 BR7000690
_gPorto Alegre, RS (Brasil), 1970. p. 365-368
909 _a202404
_bLucia
_c55
_dLucia Elande
942 _cAM
_2AGRIS
999 _c304416
_d304416